Statistiques concernant Effectif Benfica 2022/2023

Cliquez ici pour prendre le quiz!

Statistiques générales

  • Ce quiz a été pris 267 fois
  • Le résultat moyen est 19 sur 36

Statistiques - réponses

HintRéponse% Correct
D- ArgentineNicolas Otamendi
91%
A- PortugalGonçalo Ramos
89%
D- PortugalAntónio Silva
87%
G- GrèceOdysseas Vlachodimos
87%
A- PortugalRafa Silva
83%
M- PortugalJoão Mário
81%
D- EspagneAlejandro Grimaldo
80%
D- DanemarkAlexander Bah
80%
A- BresilDavid Neres
78%
M- ArgentineEnzo Fernández
74%
Coach- AllemagneRoger Schmidt
74%
A- CroatiePetar Musa
73%
M- NorvegeFredrik Aursnes
68%
D- BrésilGilberto
68%
D- BresilMorato
67%
D- BresilLucas Verissimo
60%
G- PortugalSamuel Soares
60%
G- BresilHelton Leite
58%
M- PortugalFlorentino Luís
56%
D- USAJohn Brooks
53%
M- AllemagneJulian Draxler
52%
M- PortugalChiquinho
49%
D- Boznie-HerzegovineMihailo Ristić
46%
A- PortugalHenrique Araújo
44%
D- BrésilJoão Victor
39%
D- PortugalAndré Almeida
24%
M- PortugalDiogo Gonçalves
21%
A- PortugalGil Dias
21%
A- BresilRodrigo Pinho
16%
M- TurquieAdel Taarabt
15%
M- PortugalDiego Moreira
15%
M- PortugalPaulo Bernardo
15%
D- FranceSebastian Corchia
14%
M- PortugalDavid Tavares
8%
D- PortugalJoão Ferreira
3%
A- PortugalSamuel Pedro
2%

Distribution des résultats

Percentile par nombre de réponses

% des personnes avec chaque résultat

Votre développement - résultats

Vous n’avez pas pris ce quiz